Allgemeinwissen-Quiz #3 - Statistiken

Allgemein
  • Dieses Quiz wurde 107 mal gespielt
    106 seit der letzten Aktualisierung
  • Das Durchschnittsergebnis liegt bei 11 aus 20
Antwortstatistiken
Frage Antwort % Korrekt
Welches dieser Autologos ist von Škoda?
94%
Wofür steht die Abkürzung RTL? Radio Télévision Luxembourg
83%
Bei welchem Logo handelt es sich nicht um eine Fast-Food-Kette?
81%
Von welcher Musikgruppe stammt der Song "Another One Bites the Dust"? Queen
81%
Wie viele Zähne hat ein erwachsener Mensch normalerweise? 32
79%
Welcher dieser Männer war Ende 2024 der Freund von Taylor Swift?
78%
Wenn fünf Alligatoren in drei Minuten fünf Fische fressen können, wie lange brauchen dann 18 Alligatoren, um 18 Fische zu fressen? 3 Minuten
77%
Welches dieser "reduzierten" Logos gehört zu keinem Film?
72%
Nach biblischer Erzählung begegnet Mose dem "brennenden Busch" auf welchem Berg? Horeb
64%
Wie heisst eine Schneideart von Gemüse, bei der es in sehr feine Streifen geschnitten wird? Julienne
58%
Auf welchem Bild sehen wir Alfred Hitchcock?
54%
Welcher Schauspieler spielt Ted Mosby in der TV-Serie How I Met Your Mother? Josh Radnor
54%
Wie viele Atemzüge macht der durchschnittliche Mensch pro Tag? 17'000 bis 23'000
51%
Was ist ein Apoplex? Ein Schlaganfall
44%
Welches Getränk enthält klassischerweise fünf Zutaten und hat daher seinen Namen vom indischen Wort für "fünf"? Punsch
35%
Welcher dieser Basketballspieler war nicht Teil des sogenannten "Dream Teams" bei den Olympischen Spielen 1992 in Barcelona?
32%
Was geben die beiden Werte beim Blutdruckmessen wieder? Den Druck beim Zusammenziehen und Erschlaffen des Herzmuskels
31%
Welches Buch wurde nicht von Franz Kafka geschrieben? Das Ungewisse
27%
"Kunst wäscht den Staub des Alltags von der Seele.” Von wem stammt das Zitat? Pablo Picasso
25%
Welches Produkt ist unter dem Namen Oracle bekannt? Datenbank
23%
Keine übereinstimmenden Quizze gefunden
Verteilung der Resultate
Anzahl Personen mit jedem Resultat
Perzentil nach korrekt beantworteten Fragen
Ihre Resultats-Entwicklung
Sie haben dieses Quiz seit der letzten Aktualisierung nicht gespielt